Szczegóły MARC21

Solche Geschenke : die Erzählerinnen /

001 -Numer kontrolny rekordu [,]
    • @
    • pole kontrolne
    • xx005477206
003 -Nazwa instytucji [,]
    • @
    • pole kontrolne
    • NUKAT
005 -Data i czas ostatniej zmiany [,]
    • @
    • Data ostatniej zmiany
    • 20241231111313.0
007 -Forma fizyczna dokumentu dźwiękowego [,]
    • @
    • Forma fizyczna dokumentu dźwiękowego
    • sd fsngnn|||ed
008 -Pole stałej długości [,]
    • @
    • pole
    • 221228s2007 sz nnnng f n ger c
020 -Międzynarodowy znormalizowany numer książki - ISBN [ , ]
    • a
    • Numer ISBN
    • 9783821854618 Find
035 -Inne numery kontrolne [ , ]
    • a
    • Numer kontrolny
    • (OCoLC)1356758289
040 -Instytucja sporządzająca opis [ , ]
    • c
    • Instytucja, która sporządziła rekord (NP)
    • SZCZ U/MCs
920 -ISBN [ , ]
    • a
    • ISBN
    • 978-3-8218-5461-8 Find
942 -Rodzaj dokumentu [ , ]
    • c
    • Rodzaj dokumentu
    • Dokument Dźwiękowy - płyta
100 -Hasło główne - nazwa osobowa [1, ]
    • a
    • Nazwa osobowa (NP)
    • Gerstenberg, Franziska
    • d
    • Daty biograficzne (NP)
    • (1979- ).
    • e
    • RRodzaj współpracy
    • Autor
245 -Strefa tytułu i oznaczenia odpowiedzialności [1,0]
    • a
    • Tytuł
    • Solche Geschenke :
    • b
    • Ciąg dalszy tytułu (NP)
    • die Erzählerinnen /
    • c
    • Pozostałe elementy strefy tytułu i oznaczenia odpowiedzialności (NP)
    • Franziska Gerstenberg ; liest Inga Busch.
260 -Strefa adresu wydawniczego [ , ]
    • a
    • Miejsce wydania (P)
    • [Frankfurt am Main] :
    • b
    • Nazwa wydawcy (P)
    • Eichborn-Lido,
    • c
    • Data wydania (P)
    • 2007.
300 -Strefa opisu fizycznego [ , ]
    • a
    • Określenie formy książki i/lub objętość (NP)
    • 1 płyta CD (75 min.) :
    • b
    • Inne szczegóły opisu fizycznego (NP)
    • digital, stereo ;
    • c
    • Format (NP)
    • 12 cm +
    • e
    • Oznaczenie dokumentu towarzyszącego (NP)
    • broszura : [8] stron ; 12x12 cm.
306 -Czas nagrania [ , ]
    • a
    • Czas nagrania
    • 011500
336 -Typ zawartości [ , ]
    • a
    • Termin określający typ nośnika
    • Słowo mówione
    • b
    • Kod określający zawartość
    • spw
    • 2
    • Źródło (termin i kod)
    • rdacontent
337 -Typ mediów [ , ]
    • a
    • Tryb odtwarzania
    • Audio
    • b
    • Kod typu nośnika
    • s
    • 2
    • Źródło (termin i kod)
    • rdamedia
338 -Typ/rodzaj nośnika [ , ]
    • a
    • Hasło opisujące typ nośnika
    • Płyta audio
    • b
    • Kod typu nośnika
    • sd
    • 2
    • Źródło (termin i kod)
    • rdacarrier
500 -Uwaga ogólna [ , ]
    • a
    • Uwaga ogólna (NP)
    • Miejsce wydania na podstawie siedziby wydawcy.
508 -Uwaga dot. twórców i producentów [ , ]
    • a
    • Uwaga dot. twórców/producentów
    • Aufgenommen im März 2007 bei Küß Mich Musikproduktion, Berlin ; Regie: Astrid Göpfrich.
655 -Hasło przedmiotowe - forma [ ,7]
    • a
    • Określenie rzeczowe
    • Książki mówione
    • z
    • Określnik geograficzny
    • Niemcy
    • y
    • Określnik chronologiczny
    • 1990-.
655 -Hasło przedmiotowe - forma [ ,7]
    • a
    • Określenie rzeczowe
    • Nowele niemieckie
    • y
    • Określnik chronologiczny
    • 1990-.
700 -Hasło dodatkowe - nazwa osobowa [1, ]
    • a
    • Nazwa osobowa (NP)
    • Busch, Inga
    • d
    • Daty biograficzne (NP)
    • (1968- ).
    • e
    • Określenie rodzaju współpracy (NP)
    • Wykonanie
700 -Hasło dodatkowe - nazwa osobowa [1, ]
    • a
    • Nazwa osobowa (NP)
    • Göpfrich, Astrid.
    • e
    • Określenie rodzaju współpracy (NP)
    • Reżyseria nagrania
710 -Hasło dodatkowe - nazwa ciała zbiorowego [2, ]
    • a
    • Nazwa ciała zbiorowego lub nazwa geograficzna jako pierwszy element (NP)
    • Eichborn-Lido.
    • e
    • Rodzaj współpracy
    • Wydawca
    • 9
    • KHW
    • 662761
710 -Hasło dodatkowe - nazwa ciała zbiorowego [2, ]
    • a
    • Nazwa ciała zbiorowego lub nazwa geograficzna jako pierwszy element (NP)
    • Küß Mich Musikproduktion.
    • e
    • Rodzaj współpracy
    • Produkcja
    • 9
    • KHW
    • 662759
Sposób nabycia Data inwentaryzacji Kierowanie Numer inwentarzowy Cena Status udostępniania Akcesja Sygnatura Data wprowadzenia opisu Kod kreskowy
d2023-02-14BMAd.302410.00-322d099/7Germ. Audiobooki 872022-02-032005020030240